[Event "Internet Section 06B g/8'+2\""]
[Site "Dos Hermanas"]
[Date "2004.03.06"]
[Round "5"]
[White "Howard, Paul G"]
[Black "Suleymanov, Turhan"]
[Result "0-1"]
[WhiteElo "1448"]
[BlackElo "1706"]
[PlyCount "48"]
[EventDate "2004.03.06"]
[EventType "swiss (blitz)"]
[EventRounds "9"]
[EventCountry "ESP"]
[SourceTitle "CBM 099 Extra"]
[Source "ChessBase"]
[SourceDate "2004.05.04"]
[SourceVersion "1"]
[SourceVersionDate "2004.05.04"]
[SourceQuality "1"]

1. c4 c6 2. g3 d5 3. cxd5 cxd5 4. Bg2 Nf6 5. d4 e6 6. Bg5 Be7 7. Nc3 0-0 8. Qd2 a6 9. Nf3 Nc6 10. 0-0 Bd7 11. Rac1 Rc8 12. Rfe1 h6 13. Bf4 Ne4 14. Nxe4 dxe4 15. Ne5 Bb4 16. Qe3 Bxe1 17. Rxe1 Nxe5 18. dxe5 g5 19. Bxe4 gxf4 20. Qxf4 Qg5 21. Qf3 Rc1 22. Rxc1 Qxc1+ 23. Kg2 Bc6 24. Qg4+ Qg5 0-1

[Event "Internet Section 06A g/8'+2\""]
[Site "Dos Hermanas"]
[Date "2004.03.06"]
[Round "4"]
[White "Suleymanov, Turhan"]
[Black "Gonshorovitz, Itay"]
[Result "0-1"]
[WhiteElo "1565"]
[BlackElo "1988"]
[PlyCount "116"]
[EventDate "2004.03.06"]
[EventType "swiss (blitz)"]
[EventRounds "9"]
[EventCountry "ESP"]
[SourceTitle "CBM 099 Extra"]
[Source "ChessBase"]
[SourceDate "2004.05.04"]
[SourceVersion "1"]
[SourceVersionDate "2004.05.04"]
[SourceQuality "1"]

1. d4 d5 2. Nf3 Nf6 3. g3 g6 4. Bg2 Bg7 5. 0-0 0-0 6. c3 Bf5 7. Nh4 e6 8. Nxf5 gxf5 9. Nd2 Ne4 10. f3 Nd6 11. Qc2 Nd7 12. e4 fxe4 13. fxe4 c6 14. e5 Nf5 15. Nf3 c5 16. g4 Nh4 17. Ng5 Ng6 18. h4 h6 19. h5 hxg5 20. hxg6 Qe7 21. Qd3 f6 22. Qh3 Bh8 23. exf6 Rxf6 24. Rxf6 Qxf6 25. Be3 Qxg6 26. Rf1 Rf8 27. Rxf8+ Nxf8 28. c4 cxd4 29. Bxd4 Bxd4+ 30. Kh1 Qb1+ 31. Bf1 Qh7 32. Qxh7+ Nxh7 33. cxd5 exd5 34. Bg2 Nf6 35. b3 Kf7 36. Bf3 Ke6 37. Kg2 Be3 38. Kf1 b6 39. Ke2 d4 40. Kd3 Nd5 41. a3 Nf4+ 42. Kc2 d3+ 43. Kd1 d2 44. b4 Ke5 45. a4 Kd4 46. a5 bxa5 47. bxa5 Nd3 48. a6 Nf2+ 49. Kc2 d1Q+ 50. Bxd1 Nxd1 51. Kxd1 Ke4 52. Ke2 Kf4 53. Kf1 Kxg4 54. Kg2 Kf4 55. Kf1 g4 56. Kg2 g3 57. Kf1 Kf3 58. Ke1 g2 0-1